Az ehető és mérges gombák kémiai összetételéről V. változások a termesztett csiperke szénhidráttartalmában a tárolás folyamán /

Die Verfasser prüften die Veränderung der Kohlenhydratfraktionen des gezüchteten Champignons im Laufe der Lagerung. Bei der Untersuchung der quantitativen Veränderungen fanden sie, dass die Menge der einzelnen Kohlenhydratfraktionen abnimmt. Ihre chromatographischen Untersuchungen lassen erkennen, d...

Teljes leírás

Elmentve itt :
Bibliográfiai részletek
Szerzők: Törley Dezső
Nedelkovits János
Dokumentumtípus: Cikk
Megjelent: Műszaki Könyvkiadó Budapest 1965
Sorozat:Élelmiszervizsgálati közlemények
Kulcsszavak:Élelmiszerkémia - mérgező anyagok, Gombák - mérges, Mikotoxikológia
Tárgyszavak:
Online Access:http://acta.bibl.u-szeged.hu/81116
LEADER 02213nab a2200277 i 4500
001 acta81116
005 20230907105105.0
008 230907s1965 hu o 0|| hun d
040 |a SZTE Egyetemi Kiadványok Repozitórium  |b hun 
041 |a hun 
041 |a eng 
041 |a ger 
041 |a fre 
041 |a rus 
100 1 |a Törley Dezső 
245 1 3 |a Az ehető és mérges gombák kémiai összetételéről V.   |h [elektronikus dokumentum] :  |b változások a termesztett csiperke szénhidráttartalmában a tárolás folyamán /  |c  Törley Dezső 
260 |a Műszaki Könyvkiadó  |b Budapest  |c 1965 
300 |a 257-260 
490 0 |a Élelmiszervizsgálati közlemények 
520 3 |a Die Verfasser prüften die Veränderung der Kohlenhydratfraktionen des gezüchteten Champignons im Laufe der Lagerung. Bei der Untersuchung der quantitativen Veränderungen fanden sie, dass die Menge der einzelnen Kohlenhydratfraktionen abnimmt. Ihre chromatographischen Untersuchungen lassen erkennen, dass der Abbau, die Abnahme der Reserve-Nährstoffe successive erfolgt. Changes in the carbohydrate fractions of cultivated champignon were investigated during storage. The examination of the quantitative changes showed decreases in the amount of the single fractions of carbohydrates. It was proved by chromatographic investigations that the decomposition and consumption of reserve nutrients is a continuous process. Les auteurs ont étudié le changement des fractions des hydrates de carbone du champignon cultive survenant pendant le stockage. Au cours de l’étude des changements quantitatifs ils ont trouvé que la quantité des diversés fractions des hydrates de carbone ä diminué. Leurs essais chromatographiques montrent que la décomposition des matiéres nutritives de réserve est graduel. 
650 4 |a Műszaki és technológiai tudományok 
650 4 |a Egyéb műszaki tudományok és technológiák 
650 4 |a Élelmiszer és italfélék 
695 |a Élelmiszerkémia - mérgező anyagok, Gombák - mérges, Mikotoxikológia 
700 0 1 |a Nedelkovits János  |e aut 
856 4 0 |u http://acta.bibl.u-szeged.hu/81116/1/elelmiszervizsgalati_kozlemenyek_1965_07-08_257-260.pdf  |z Dokumentum-elérés